| 000 | 00000nam 2200000zi 4500 |
| 001 | 9.943207 |
| 003 | CaOODSP |
| 005 | 20241104131154 |
| 006 | m o d f |
| 007 | cr |n||||||||| |
| 008 | 240913t19931993onca obf f001 0 fre d |
| 020 | |z0662599349 |
| 040 | |aCaOODSP|bfre|erda|cCaOODSP |
| 043 | |an-cn--- |
| 086 | 1 |aSA2-244/1993F-PDF|zSA2-244/1993 |
| 245 | 03|aLa gestion des documents photographiques au gouvernement du Canada. |
| 264 | 1|aOttawa : |bArchives nationales du Canada = National Archives of Canada, |c[1993] |
| 264 | 4|c©1993 |
| 300 | |a1 ressource en ligne (ix, 43 pages) : |billustrations |
| 336 | |atexte|btxt|2rdacontent/fre |
| 337 | |ainformatique|bc|2rdamedia/fre |
| 338 | |aressource en ligne|bcr|2rdacarrier/fre |
| 500 | |aPublié aussi en anglais sous le titre : Managing photographic records in the Government of Canada. |
| 500 | |aÉdition numérisée de l'imprimée [par Direction des publications du gouvernement du Canada]. |
| 500 | |a«L'auteure principale est Kathleen Owens» -- Préface. |
| 504 | |aComprend des références bibliographiques (pages 37-38). |
| 650 | 6|aPhotothèques|zCanada|xGestion|vGuides, manuels, etc. |
| 650 | 6|aArchives publiques|zCanada|xGestion|vGuides, manuels, etc. |
| 650 | 6|aPhotographies|xConservation et restauration|vGuides, manuels, etc. |
| 650 | 6|aArchives publiques. |
| 650 | 6|aPhotographies|xConservation et restauration. |
| 655 | 7|aGuides et manuels|2rvmgf |
| 700 | 1 |aOwens, Kathleen, |eauteur. |
| 710 | 2 |aArchives nationales du Canada, |eorganisme de publication. |
| 775 | 08|tManaging photographic records in the Government of Canada.|w(CaOODSP)9.943208 |
| 776 | 0#|tLa gestion des documents photographiques au gouvernement du Canada / |w(CaOODSP)9.655872 |
| 856 | 40|qPDF|s31483 Ko|uhttps://publications.gc.ca/collections/collection_2024/bac-lac/SA2-244-1993-fra.pdf |